01492nam a2200181Ia 4500008004100000020001500041050001700056100003700073245011500110260004200225300004200267500011200309505076100421650003201182650004001214650001201254700004401266120626s2002 mx a 000 0 spa d a9684269668 aQP360 bE73  aEscobar Briones, Carolinaeautor aMotivacion y conductab: sus bases biológicas c/ Carolina Escobar Briones; Raul Antonio, Aguilar Robledo  aMéxicob: El manual modernoc, 2002 axviii, 420 páginasb: ilustraciones aIncluye: Autores (pp. v-vi), Prólogo (pp. vii-ix), Introducción (pp.xvii-xviii), Índice (pp. 405-420) a¿Qué son las conductas motivas? una breve historia Organización anatómica y funcional del sistema nerviosa Organización anatómica y funcional del sistema endocrino Ritmos biológicos y mecanismos generales de regulación Estrategias para estudiar las conductas motivadas Los mecanismos de la motivación El ciclo sueño- vigilia La neuroquíomica del sueño Se y micción Alimentación y balance energético Hambre y saciedad Regulación de la temperatura Conducta de acicalamiento Conducta sexual masculina Conducta sexual femenina Conducta maternal Anatomía funcional de las emociones La neuroquímica de las emociones El juego y otras conductas en la ontogenia temprana Motivaciones sociales 0aMOTIVACIÓN (PSICOLOGÍA) 0aCONDUCTA HUMANAxBASES BIOLÓGICAS 0aCEREBRO aAguilar Robledo, Raúl Antonio eautor